| 000 | 00562nam a2200181Ia 4500 | ||
|---|---|---|---|
| 008 | 210719s2008 xx 000 0 und d | ||
| 041 | _aeng | ||
| 082 | _a820.13 SEQM | ||
| 100 | _aSEQUEIRA (J B) | ||
| 245 | _aMy dreams my realities: an anthology of poems | ||
| 260 |
_aMumbai _bKonkani Prakashanalaya., _c2008 |
||
| 300 |
_a128 _bPB |
||
| 365 |
_b150 _cRs |
||
| 650 | _aEnglish Literature | ||
| 650 | _aIndian English Poetry | ||
| 700 | _aRAO (Deepak Moodbidri);RAO (Chitra) | ||
| 906 | _aan ; anthology ; dreams ; My ; of ; poems ; realities ; realities: | ||
| 999 |
_c215247 _d215247 |
||